000 00365nam a2200145 a 4500
005 20140414093844.0
008 090625s19uu xx uuu eng d
050 _aVCD 500
_bKIC 2007
100 _aScholastic
245 _aKicks up a storm :
_bScience topic: weather /
_cScholastic.
650 _aScience.
942 _cAVM
999 _c109456
_d109456